| 000 | 00567nam a2200181 i 4500 | ||
|---|---|---|---|
| 001 | bgj | ||
| 100 | 1 |
_aTAYLOR, Alan John Percivale _d(1906- ). |
|
| 245 | 1 | 0 |
_aFrom Sarajevo to Potsdam / _cA. J. P. Taylor. |
| 250 |
_a[1st Amer. ed.] _a[repr.]. |
||
| 260 |
_a[New York] : _bHarcourt, Brace and World, Inc., _c1968. |
||
| 300 |
_a216 pp : _bill. (part col.), maps, ports ; _c22 cm. |
||
| 505 | _aIncludes index and bibliographical notes. | ||
| 651 | 9 |
_aEurope _yHistory |
|
| 040 | _cBPK | ||
| 041 | 0 | _aeng | |
| 942 | _cKS | ||
| 008 | s uk f |000 0 eng | ||
| 999 |
_c47522 _d47522 |
||
| 856 |
_uhttp://koha.tu.koszalin.pl/cgi-bin/koha/opac-detail.pl?biblionumber=47522 _yKatalog online BPK |
||